000
00278nam a2200109Ia 4500
008
200302s9999 xx 000 0 und d
100
_a
Ken Worpole
245
_a
Contemporary Library Architecture
260
_b
Routledge Taylor & Francis Group
260
_c
2013
300
_a
197 P.,
999
_c
4352
_d
4352